Ý tưởng Sản phẩm.
Wedi'i Gadw mewn:
| Fformat: | Cyfresol |
|---|---|
| Iaith: | Vietnamese |
| Cyhoeddwyd: |
Hà Nội.
|
| Pynciau: | |
| Tagiau: |
Ychwanegu Tag
Dim Tagiau, Byddwch y cyntaf i dagio'r cofnod hwn!
|
| Thư viện lưu trữ: | Mạng thư viện Đại học Đà Nẵng |
|---|
| LEADER | 00930cas a2200313 a 4500 | ||
|---|---|---|---|
| 001 | 000044578 | ||
| 003 | 2980 | ||
| 005 | 20060426135246.0 | ||
| 008 | 010314b vm 000 vie | ||
| 040 | |a LRC |c LRC |d LRC | ||
| 041 | 0 | |a vie | |
| 082 | 1 | 4 | |a 605 |b Y-T |
| 245 | 0 | 0 | |a Ý tưởng Sản phẩm. |
| 260 | |a Hà Nội. | ||
| 300 | |c 28,5 cm. | ||
| 630 | 0 | 4 | |a Công nghiệp. |
| 630 | 0 | 4 | |a Sản phẩm. |
| 650 | 0 | 4 | |a Công nghiệp |v Phụ san. |
| OWN | |a DUT | ||
| AVA | |a UDN50 |b DUT |c Periodicals |d 605 Y-T |e available |t Error 5001 Not defined in file expand_doc_bib_avail. |f 9 |g 0 |h N |i 0 |j TC |k 1 | ||
| 999 | |a From the UDN01 | ||
| AVA | |a UDN50 |b DUT |c Periodicals |d 605 Y-T |e available |t Error 5001 Not defined in file expand_doc_bib_avail. |f 9 |g 0 |h N |i 0 |j TC |k 1 | ||
| TYP | |a Printed language | ||
| 980 | |a Mạng thư viện Đại học Đà Nẵng | ||